Logo CIB grande

Evaluación de Proyectos (Registro nro. 237812)

Detalles MARC
000 -LEADER
campo de control de longitud fija 00644nam a2200241Ia 4500
005 - FECHA Y HORA DE LA ÚLTIMA TRANSACCIÓN
campo de control 20250425162844.0
008 - DATOS DE LONGITUD FIJA--INFORMACIÓN GENERAL
campo de control de longitud fija 250425s9999 xx 000 0 und d
020 ## - NÚMERO INTERNACIONAL ESTÁNDAR DEL LIBRO
Número Internacional Estándar del Libro 9786071502605
041 ## - CÓDIGO DE IDIOMA
Código de lengua del texto/banda sonora o título independiente spa
082 ## - NÚMERO DE LA CLASIFICACIÓN DECIMAL DEWEY
Número de clasificación 658.404
Iniciales del Autor BAC
010 ## - NÚMERO DE CONTROL DE LA BIBLIOTECA DEL CONGRESO
Número de control de LC 114358
100 ## - ENTRADA PRINCIPAL--NOMBRE DE PERSONA
Nombre de persona Baca Urbina, Gabriel
245 #0 - MENCIÓN DEL TÍTULO
Título Evaluación de Proyectos
Mención de responsabilidad, etc. Gabriel, Baca Urbina
250 ## - MENCION DE EDICION
Mención de edición 6a.ed.
260 ## - PUBLICACIÓN, DISTRIBUCIÓN, ETC.
Lugar de publicación, distribución, etc. Distrito Federal
260 ## - PUBLICACIÓN, DISTRIBUCIÓN, ETC.
Lugar de publicación, distribución, etc. México
Nombre del editor, distribuidor, etc. MCGRAW-HILL
Fecha de publicación, distribución, etc. 2010
300 ## - DESCRIPCIÓN FÍSICA
Extensión 309 páginas
Otras características físicas il
Dimensiones 30x20 cm
650 ## - PUNTO DE ACCESO ADICIONAL DE MATERIA--TÉRMINO DE MATERIA
Término de materia o nombre geográfico como elemento de entrada Administración de Riesgo
650 ## - PUNTO DE ACCESO ADICIONAL DE MATERIA--TÉRMINO DE MATERIA
Término de materia o nombre geográfico como elemento de entrada Evaluacion de Proyecto
650 ## - PUNTO DE ACCESO ADICIONAL DE MATERIA--TÉRMINO DE MATERIA
Término de materia o nombre geográfico como elemento de entrada Evaluación Económica
902 ## - ELEMENTOS DE DATOS B LOCAL, LDB (RLIN)
a Libro
942 ## - ELEMENTOS DE ENTRADA SECUNDARIOS (KOHA)
Tipo de ítem Koha Libros
Existencias
Estatus retirado Estado de pérdida Especificación de materiales (volumen encuadernado u otra parte) Estado de daño No para préstamo Biblioteca de origen Biblioteca actual Fecha de adquisición Coste, precio normal de compra Total de préstamos Código de barras Copia número Nota pública
    1     ESCUELA DE NEGOCIOS ESCUELA DE NEGOCIOS 03/04/2024 20.00   D-P15087 1 DONADO

Copyright 2025 ESPOL. Todos los derechos reservados.